| 000 | 00818nam a22001937a 4500 | ||
|---|---|---|---|
| 999 |
_c2367 _d2367 |
||
| 003 | AR-CdUCM | ||
| 008 | 190304b ||||| |||| 00| 0 spa d | ||
| 040 |
_aMUNICIPALIDAD PROVINCIAL DEL CUSCO _cBIBLIOTECA MUNICIPAL DEL CUSCO |
||
| 082 |
_29ed. _a330.1 / _bC35 |
||
| 100 |
_aCastro, Antonio B. de _98511 |
||
| 245 |
_aIntroducción a la economía : _bun enfoque estructuralista / |
||
| 260 |
_aMéxico : _bSiglo Veintiuno Editores, _c1973. |
||
| 300 |
_a164 páginas ; _c21 cm. |
||
| 505 | _aContenido: El sistema económico -- La circualción en el sistema económico -- Relaciones con el exterior -- El sector público -- El sistema monetario-financiero -- La unidad productora en el sistema económico ... | ||
| 650 |
_aSistema económico _97938 |
||
| 650 |
_aEconomía _9382 |
||
| 942 |
_2ddc _cLIBROS |
||
| 945 | _azta | ||